Memoires pour servir a l'histoire des insectes / (Record no. 163085)
[ view plain ]
| 000 -LEADER | |
|---|---|
| campo de control de longitud fija | 01184nam a2200241 i 4500 |
| 001 - NÚMERO DE CONTROL | |
| campo de control | 163085 |
| 003 - IDENTIFICADOR DE NÚMERO DE CONTROL | |
| campo de control | ES-MaACL |
| 005 - FECHA Y HORA DE LA ÚLTIMA TRANSACCIÓN | |
| campo de control | 20250809063530.0 |
| 008 - DATOS DE LONGITUD FIJA--INFORMACIÓN GENERAL | |
| campo de control de longitud fija | 931025s1736 fr f |||| | fre d |
| 100 1# - ENTRADA PRINCIPAL--NOMBRE DE PERSONA | |
| Nombre de persona | Réaumur, René Antoine Ferchault de, |
| Fechas asociadas al nombre | 1683-1757 |
| 9 (RLIN) | 153964 |
| 245 10 - MENCIÓN DEL TÍTULO | |
| Título | Memoires pour servir a l'histoire des insectes / |
| Mención de responsabilidad, etc. | par M. de Reaumur... ; Tome second, suite de l'histoire des chenilles & des papillons et l'histoire des insectes envenis des chenilles. |
| 260 ## - PUBLICACIÓN, DISTRIBUCIÓN, ETC. | |
| Lugar de publicación, distribución, etc. | a Paris : |
| Nombre del editor, distribuidor, etc. | de l'imprimerie royale, |
| Fecha de publicación, distribución, etc. | 1736. |
| 300 ## - DESCRIPCIÓN FÍSICA | |
| Extensión | 4], XLVI, 2], 514, 2] p., 40] h. de grab. pleg. ; |
| Dimensiones | 4º. |
| 530 ## - NOTA DISPONIBLE DE FORMULARIO FÍSICO ADICIONAL | |
| Nota de formato físico adicional disponible | Disponible en formato digital. |
| 597 ## - NOTA DE DESCRIPCIÓN FÍSICA | |
| NOTA DE DESCRIPCIÓN FÍSICA | Sign. : [ ]2, a-f4, A-Z4, 2A-2Z4, 3A-3S4, 3T2. |
| 597 ## - NOTA DE DESCRIPCIÓN FÍSICA | |
| NOTA DE DESCRIPCIÓN FÍSICA | Port. con esc. xil. |
| 599 ## - NOTA A LAS ILUSTRACIONES | |
| NOTA A LAS ILUSTRACIONES | Grab. calc. en comienzo de texto "Simoneau" |
| 599 ## - NOTA A LAS ILUSTRACIONES | |
| NOTA A LAS ILUSTRACIONES | Las h. de grab. perg. calc. : "Simoneau" dibujos de insectos. |
| 650 #7 - PUNTO DE ACCESO ADICIONAL DE MATERIA--TÉRMINO DE MATERIA | |
| Término de materia o nombre geográfico como elemento de entrada | Insectos |
| Fuente del encabezamiento o término | embne |
| 9 (RLIN) | 13823 |
| 852 4# - LOCALIZACIÓN | |
| Ubicación | ES-MaACL |
| Número de control de estantería | R-1123-28 |
| Nota libre | - Enc. pasta española |
| -- | - Ex-libris de la Biblioteca Real |
| Encuadernación | Olim: G-12039-44 |
| 856 4# - LOCALIZACIÓN Y ACCESO ELECTRÓNICOS | |
| Identificador Uniforme de Recursos | <a href="https://hdl.handle.net/11441/120522 ">https://hdl.handle.net/11441/120522 </a> |
| Nota pública | Depósito de Investigación Universidad de Sevilla |
| Estatus retirado | Estado de pérdida | Estado de daño | No para préstamo | Colección | Biblioteca de origen | Biblioteca actual | Ubicación en estantería | Fecha de adquisición | Total de préstamos | Signatura topográfica completa | Código de barras | Visto por última vez | Precio de reemplazo | Tipo de ítem Koha |
|---|---|---|---|---|---|---|---|---|---|---|---|---|---|---|
| Colección digital | Biblioteca del Ateneo de Madrid | Biblioteca del Ateneo de Madrid | Depósito | 17/01/2008 | R-1123-28 | 1170891 | 23/02/2023 | 23/02/2023 | Libro impreso antiguo |
